Guinness world records 2009 / (Record no. 68434)
[ view plain ]
| 000 -LEADER | |
|---|---|
| fixed length control field | 00594nam a22001937a 4500 |
| 008 - FIXED-LENGTH DATA ELEMENTS--GENERAL INFORMATION | |
| fixed length control field | 090120t xxu||||| |||| 00| 0 eng d |
| 010 ## - LCCN (DPL NO) | |
| LC control number | G-001303 |
| 020 ## - INTERNATIONAL STANDARD BOOK NUMBER | |
| Terms of availability | £17.00 (Rs. 1346.40) |
| International Standard Book Number | 97819044994367 |
| 035 ## - SYSTEM CONTROL NUMBER | |
| System control number | G-001303 |
| 037 ## - SOURCE OF ACQUISITION | |
| Source of stock number/acquisition | Gift |
| 040 ## - CATALOGING SOURCE | |
| Original cataloging agency | dpl |
| Language of cataloging | English |
| 082 ## - DEWEY DECIMAL CLASSIFICATION NUMBER | |
| Classification number | 031.02 |
| 245 ## - TITLE STATEMENT | |
| Title | Guinness world records 2009 / |
| Statement of responsibility, etc | edited by Craig Glenday |
| 260 ## - PUBLICATION, DISTRIBUTION, ETC. (IMPRINT) | |
| Name of publisher, distributor, etc | Guinness World Records |
| Date of publication, distribution, etc | 2009 |
| 300 ## - PHYSICAL DESCRIPTION | |
| Extent | 287p |
| Dimensions | 29cm.(Hb) |
| 700 ## - ADDED ENTRY--PERSONAL NAME | |
| Personal name | Glenday, Craig |
| 9 (RLIN) | 50217 |
| 942 ## - ADDED ENTRY ELEMENTS (KOHA) | |
| Source of classification or shelving scheme | Dewey Decimal Classification |
| Item type | Reference Books |
| Call number suffix | GUI |
| Classification part | 031.02 |
No items available.
